000 00901nam a22002657a 4500
001 BR7703760
003 BR-BrBNA
005 20230928085342.0
007 ta
008 230509b bl.||||| |||| 00| 0 por d
040 _aBR-BrBNA
_bpor
_cBiblioteca Nacional de Agricultura
041 _a(Por)
072 _aE15
_b/G514
090 _ E15 BR7703760
110 1 _aInstituto Nacional de Colonizacao e Reforma Agraria, Brasilia, DF (Brasil). Depto. de Cadastro e Tributacao
245 1 _aEstatisticas Cadastrais, v. 3: Sistema Nacional de Cadastro Rural. Programa geral de estatisticas, Cadastro de arrendatarios e parceiros rurais. Recadastramento 1972 [Brasil]
260 3 _aBrasilia, DF (Brasil):
_c1977.
300 _a296 p.
500 _aNumerical data
650 _aMicroeconomia
650 _aArrendamento
650 _aCadastro
909 _a202309
_bLucia
_c55
_dLucia Elande
942 _cBK
999 _c23975
_d23975